Visualizzazione normale
Vista MARC
- Giovanni Roatta
di Personal Name
Records bibliografici associati: 1
001 - CONTROL NUMBER
- control field: 3506
003 - CONTROL NUMBER IDENTIFIER
- control field: IT-RoPau
005 - DATE AND TIME OF LATEST TRANSACTION
- control field: 20131125151358.0
008 - FIXED-LENGTH DATA ELEMENTS
- fixed length control field: 131125|| aca||aabn | a|a d
040 ## - CATALOGING SOURCE
- Original cataloging agency: IT-RoPau
- Transcribing agency: IT-RoPau
100 ## - HEADING--PERSONAL NAME
- Personal name: Giovanni Roatta
670 ## - SOURCE DATA FOUND
- Source citation: Work cat.: (IT-RoPau)34752: Giovanni Roatta, "Nel terzo anniversario della morte di don Giacomo Alberione : il senso di Dio; il senso dell’uomo; il senso della storia in “D. Alberione. 3° annversario” pp.5-28"